01087nam2a22001931 4500001001900000005001700019035002600036100004100062101001300103200015300116210008100269215001700350225001500367300005100382461038600433702002900819801002200848852002300870RU\NLR\A1SV\14209220251214192641.0 a(NLR Aleph) 010841809 a20150910d1918 u y0rusy50 ca1 aruscger1 aС 1720 г. по 1850 г.eС 1 портр. и 27 карт. и план.eИзд. на нем. яз. в 1911 г.f[Пер. С.А.Геппенера] cДесятая гос. тип. в Гл. Адмиралтействеd1918 a[6], 163 с. a...v№ 7 aБеспл. прил. к: Мор. сб. № 12 11001RU\NLR\A1SV\14209012000#$vЧ.4, [вып.1]aШтенцель, А. (1832-1906)cПг.d1918-1919f[Соч.] Альфреда ШтенцеляnТип. Мор. м-ва в Гл. АдмиралтействеtИстория войны на море в ее важнейших проявлениях с точки зрения морской тактикиvЧ.4, [вып.1] 1aГеппенерbС.А. 0aRUbNLRc20150910 aNLRj17.135.4.38-4